000 00527nam a2200169 i 4500
001 130346
003 ES-MaACL
005 20230906193720.0
007 t|
008 070726s1914 fr ||||1| fre d
100 1 _aZambaco Pacha, Démétrius Alexandre.
_9117903
245 1 3 _aLa lépre a travers les sièdes et les contrées
_b: anthologie /
_cDemetrius-Al. Zambaco Pacha (de Byzance).
260 _aParis :
_bMasson,
_c1914.
300 _aXII, 845 p. ;
_c25 cm.
650 1 4 _aLepra.
_914372
852 _aES-MaACL
_jB-12667
999 _c130346
_d130346